00486nam a2200157 a 450000100100000000500170001000800410002704000250006808200180009310000370011124500540014826000420020230000260024465000230027065000350029300001500220200929163933.0100128s1950 ag 000 j spa d aDO-SdBNPbspacBNPHU aA863.4bS684n1 aSolari, Juan Antonio,d1899-198010aNuevas voces y estampas /cJuan Antonio Solari /. aBuenos Aires :bLa Vanguardia,c1950. a181, [3] p. ;c22 cm. 4aCuentos argentinos 4aLiteratura argentinaySIGLO XX